000 00508nam a2200205Ia 4500
001 1852
003 GE_BSU
008 181216s||||||||xx |||||||||||||| ||und||
040 _cGE_BSU
080 _a351(075.8)
100 _aЧаннов, С.Е.
245 _aМуниципадьное право.
245 _bКонспекти лекций
260 _aМосква
260 _bЮрфйт
260 _c2007
300 _a192 с.
653 _aМуниципадьное право
942 _cBK
999 _c35953
_d35953